Toutes les équipes en NBA - Statistiques

Statistiques générales
  • Ce quiz a été pris 1 798 fois
  • Le résultat moyen est 21 sur 30
Statistiques - réponses
Conférence Est Equipes % Correct
Division Pacifique Los Angeles Lakers
95%
Division Atlantique Boston Celtics
88%
Division Pacifique Golden State Warriors
86%
Division Sud-Ouest San Antonio Spurs
83%
Division Centrale Chicago Bulls
82%
Division Pacifique Los Angeles Clippers
81%
Division Sud-Est Miami Heat
81%
Division Atlantique Brooklyn Nets
78%
Division Centrale Milwaukee Bucks
77%
Division Atlantique New York Knicks
77%
Division Nord-Ouest Denver Nuggets
74%
Division Sud-Ouest Houston Rockets
70%
Division Atlantique Toronto Raptors
70%
Division Sud-Ouest Dallas Mavericks
69%
Division Pacifique Phoenix Suns
69%
Division Centrale Cleveland Cavaliers
68%
Division Centrale Detroit Pistons
67%
Division Pacifique Sacramento Kings
67%
Division Nord-Ouest Utah Jazz
67%
Division Sud-Est Atlanta Hawks
66%
Division Nord-Ouest Oklahoma City Thunder
65%
Division Sud-Est Washington Wizards
65%
Division Sud-Est Charlotte Hornets
64%
Division Centrale Indiana Pacers
64%
Division Atlantique Philadelphia 76ers
63%
Division Sud-Est Orlando Magic
62%
Division Nord-Ouest Minnesota Timberwolves
61%
Division Sud-Ouest Memphis Grizzlies
60%
Division Nord-Ouest Portland Trail Blazers
58%
Division Sud-Ouest New Orleans Pelicans
56%
Aucun quiz correspondant
Distribution des résultats
% des personnes avec chaque résultat
Percentile par nombre de réponses
Votre historique - résultats
Vous n’avez pas pris ce quiz